000 00638nam a2200217Ia 4500
003 OSt
005 20220918192022.0
006 a|||||r|||| 00| 0
007 ta
008 220917b |||||||| |||| 00| 0 eng d
024 _a66,537
037 _cTextual
040 _aARTS
_cARTS
_beng
041 _2eng
_aeng
082 _aR3xJ61:9, K4
100 _aFarringtn Benjamin
_978065
245 0 _aPhilosophy of Francis Bacon
_b an essay on its development from 1603 to 1609 with new translations of fundamental texts
260 _c1964
942 _hR3xJ61:9, K4
_cTEXL
_2CC
999 _c192770
_d192770